Вып. 1; Механика

Λεπτομέρειες βιβλιογραφικής εγγραφής
Parent link:Механика: межвузовский сборник научных трудов/ Ереванский государственный университет. Вып. 1.— , 1982-
Άλλοι συγγραφείς: Саркисян В. С. (редактор)
Γλώσσα:Ρωσικά
Έκδοση: 1982
Θέματα:
Μορφή: Βιβλίο
KOHA link:https://koha.lib.tpu.ru/cgi-bin/koha/opac-detail.pl?biblionumber=301470

MARC

LEADER 00000nam2a2200000 4500
001 301470
005 20231102001414.0
035 |a (RuTPU)RU\TPU\book\326642 
035 |a RU\TPU\book\326640 
090 |a 301470 
100 |a 20150731d1982 k y0rusy50 ca 
101 0 |a rus 
102 |a AM 
105 |a a z 001zy 
200 0 |a Вып. 1  |f под ред. В. С. Саркисяна 
210 |d 1982 
215 |a 146 с.  |c ил. 
320 |a Библиогр. в конце ст. 
461 1 |0 (RuTPU)RU\TPU\book\234687  |t Механика  |o межвузовский сборник научных трудов  |f Ереванский государственный университет  |v Вып. 1  |d 1982- 
606 1 |a Механика  |2 stltpush  |3 (RuTPU)RU\TPU\subj\67812  |9 83462 
610 1 |a твердое тело 
610 1 |a анизотропные тела 
610 1 |a динамические задачи 
610 1 |a линеаризация 
610 1 |a магнитоупругие свойства 
610 1 |a колебания 
610 1 |a пластины 
610 1 |a теория упругости 
610 1 |a волны 
610 1 |a распространение 
610 1 |a граничные условия 
610 1 |a смещения 
610 1 |a стержни 
675 |a 531  |v 3 
702 1 |a Саркисян  |b В. С.  |4 340 
801 0 |a RU  |b RuMRKP  |c 19950704  |g psbo 
801 1 |a RU  |b 63413507  |c 20120428 
801 2 |a RU  |b 63413507  |c 20190621  |g RCR 
942 |c BK